000 00411cam a2200181 4500
001 D7568
008 090401t1961 xxu||||| |||| 00| 0 eng d
035 _a(Sirsi) u8089
041 _aeng
050 _a692.5
100 _aNisbet, James
245 _aEstimating and cost control
260 _aLondon
_bBatsford
_c1961
300 _axii. 227p. ill. 22cm
350 _a0
942 _n0
948 _c04/03/1997
999 _c86479
_d86479